01014nam a2200241 a 450000100100000000500170001000800410002704000250006808200290009311000270012224000180014924501260016724600700029325000130036326000520037630000200042865000690044865000620051765000570057965000340063665100380067071000640070800004461320241206085814.0110414s2014 dr 000 0 spa d aDO-SdBNPbspacBNPHU a344.0328292bR426L, 20141 aRepública Dominicana10a[Leyes, etc.]10aLey 24-97 que modifica el Código Penal Dominicano y sanciona la violencia contra la mujer, doméstica e intrafamiliar.14aLey no. 24-97bsobre la violencia contra la mujer e intrafamiliar a11a. ed. aSanto Domingo :bMinisterio de la Mujer,c2014. a43 p. ;c21 cm. 4aViolencia contra la mujerxLegislaciónzRepública Dominicana 4aViolencia familiarxLegislaciónzRepública Dominicana 4aDerecho penalxLegislaciónzRepública Dominicana 4aLeyeszRepública Dominicana 4aRepública DominicanaxLey 24-9712aRepública Dominicana.bSecretaría de Estado de la Mujer